000 00351nam a2200157Ia 4500
100 _aObrien James A
250 _a7
942 _cBK
366 _f20
654 _amanagement
245 _aManagement information systems
260 _bTata Mc Graw hill Ltd.
_aNew Delhi
_c2006
082 _a658.4038/OBR
_bOBR
300 _a617
546 _aENGLISH
999 _c34177
_d34177